Statistics for Countries with Between 50 and 100 Million People

Click here to take the quiz!

General Stats

  • This quiz has been taken 82 times
    (32 since last reset)
  • The average score is 10 of 14

Answer Stats

#PopulationCountry% Correct
NE82 mGermany
90%
NE65 mFrance
87%
NE59 mItaly
83%
NE67 mUnited Kingdom
83%
204083 mTurkey
80%
NE83 mIran
77%
NE51 mColombia
73%
202397 mVietnam
73%
NE51 mSouth Korea
70%
NE60 mSouth Africa
67%
NE69 mThailand
67%
203761 mTanzania
53%
205352 mKenya
50%
NE54 mMyanmar
50%

Score Distribution

Percentile by Number Answered

Percent of People with Each Score

Your Score History

You have not taken this quiz since the last reset